000 00305nam a2200133Ia 4500
082 _a150
_bP12B
100 _aBANSAL, NAVDEEP
245 _aTB. OF PSYCHOLOGY & SOCIOLOGY FOR GNM STUDENTS
250 _a1ST
260 _bJAYPEE
_aDELHI
_c2012
300 _a172
650 _aPSYCHOLOGY
942 _2ddc
_cBK
_013
999 _c2421
_d2421